LEADER 00892nam a2200205 4500 001 000000341107 003 CaOOAMICUS 005 20200714161951.0 008 200714s1876 it 000 u ita r 040 $aSeMil$bita 100 11$aOmboni, Giovanni,$d<1829-1910>.$0(OLS)http://semarc/name/89808 245 00$aCome s'è fatta l'Italia :$bsaggio di geologia popolare /$cdel professore Giovanni Omboni. 264 1$aVerona ; Padova :$bDrucker & Tedeschi,$c1876. 300 $aXI, 346 p. ;$c18 cm 650 4$aItalia - Geologia.$0(OLS)http://semarc/subject/49341 850 $aSeMil 852 $aSeMil$W1$xVenegono$y1$m3XG I 19 FA$j219868$B232102$CSeMilBibl$Z2$F232102 $8I 996 $6245$aCome s'è fatta l'Italia :$bsaggio di geologia popolare$9(OLS)http://semarc/title/430164 996 $6264$aVerona ; Padova :$bDrucker & Tedeschi$9(OLS)http://semarc/publisher/57517 LEADER 01208nam a2200253 i 4500 001 000000237678 003 CaOOAMICUS 005 20180830230721.0 008 180830s2004 it s u000 u ita u 013 $a216583 040 $aSeMil$bita 245 10$aSplendidi Misteri :$bsulla via del Rosario al Sacro Monte sopra Varese /$cprogetto e riprese : don Adriano Sandri ; hanno collaborato : montaggio Guglielmo Daino, interno e luci Massimo Alari. 260 $a[s.l.] :$bA. Sandri,$c2004. 300 $a1 DVD (65 min) ;$c19 cm. 500 $aContiene : Rosario recitato dal Papa in latino. - COLLOCAZIONE : UFFICIO. 650 4$aVarese - Sacro Monte.$0(OLS)http://semarc/subject/7250 700 1 $aSandri, Adriano.$0(OLS)http://semarc/name/80984 700 1 $aAlari, Massimo.$0(OLS)http://semarc/name/80986 700 1 $aDaino, Guglielmo.$0(OLS)http://semarc/name/80985 850 $aSeMil 852 $aSeMil$W1$xVenegono$y1$m$j2960$B188024$CSeMilBibl$Z2$F0 $85 961 $aOmaggio: Sandri don Adriano 996 $6245$aSplendidi Misteri :$bsulla via del Rosario al Sacro Monte sopra Varese$9(OLS)http://semarc/title/338795 996 $6260$a[s.l.] :$bA. Sandri$9(OLS)http://semarc/publisher/54313